| 000 | 00350nam a22001577a 4500 | ||
|---|---|---|---|
| 003 | SGT | ||
| 020 | _a978-93-5270-686-0 | ||
| 082 |
_a617.7 _bC19K |
||
| 100 | _aKHURANA, A.K. | ||
| 245 | _aCOMPREHENSIVE OPHTHALMOLOGY | ||
| 250 | _a7TH | ||
| 260 |
_aINDIA _bJAYPEE PUB _c2019 |
||
| 300 | _a662 | ||
| 650 | _aOPHTHALMOLOGY | ||
| 942 |
_2ddc _cBK _0189 |
||
| 999 |
_c18748 _d18748 |
||